| Tag |
First Indicator |
Second Indicator |
Subfields |
| LEADER |
00000cgm a22000001i 4500 |
| 001 |
in00003586721 |
| 006 |
m o c |
| 007 |
vz uzazuu |
| 007 |
cr una---unuuu |
| 008 |
140807p20142007cau011 o vleng d |
| 005 |
20260324181518.8 |
| 028 |
5 |
2 |
|a 1064709
|b Kanopy
|
| 035 |
|
|
|a (OCoLC)897768209
|
| 035 |
|
|
|a (CaSfKAN)kan1064709
|
| 040 |
|
|
|a UtOrBLW
|b eng
|e rda
|c UtOrBLW
|d UtOrBLW
|
| 245 |
0 |
0 |
|a Keep the blood flowing :
|b cardiovascular series.
|
| 264 |
|
1 |
|a [San Francisco, California, USA] :
|b Kanopy Streaming,
|c 2014.
|
| 300 |
|
|
|a 1 online resource (1 video file, approximately 89 min.) :
|b digital, .flv file, sound
|
| 336 |
|
|
|a two-dimensional moving image
|b tdi
|2 rdacontent
|
| 337 |
|
|
|a computer
|b c
|2 rdamedia
|
| 338 |
|
|
|a online resource
|b cr
|2 rdacarrier
|
| 344 |
|
|
|a digital
|
| 347 |
|
|
|a video file
|b MPEG-4
|b Flash
|
| 500 |
|
|
|a Title from title frames.
|
| 518 |
|
|
|a Originally produced by NEVCO Education in 2007.
|
| 520 |
|
|
|a Describes in detail the medications commonly prescribed to heart attack victims and necessary life style adjustments that may accompany them. This program is part of our cardiovascular series designed to comply with the Joint Commission standards for education of patients and family.
|
| 538 |
|
|
|a Mode of access: World Wide Web.
|
| 650 |
|
0 |
|a Cardiovascular system
|x Diseases
|x Treatment.
|0 http://id.loc.gov/authorities/subjects/sh92001811
|
| 650 |
|
0 |
|a Cardiovascular system
|x Diseases
|x Patients.
|0 http://id.loc.gov/authorities/subjects/sh91002300
|
| 650 |
|
0 |
|a Drugs.
|0 http://id.loc.gov/authorities/subjects/sh85039719
|
| 655 |
|
7 |
|a Internet videos.
|2 lcgft
|0 http://id.loc.gov/authorities/genreForms/gf2011026337
|
| 655 |
|
7 |
|a Nonfiction films.
|2 lcgft
|0 http://id.loc.gov/authorities/genreForms/gf2011026423
|
| 710 |
2 |
|
|a Kanopy (Firm)
|0 http://id.loc.gov/authorities/names/no2014091415
|
| 856 |
4 |
0 |
|u http://proxy.library.tamu.edu/login?url=https://texasam.kanopystreaming.com/node/64710
|z Connect to this streaming video
|t 0
|
| 999 |
f |
f |
|s 9788abb6-13bc-3363-ac74-0f6ae6f9ee17
|i bd3f98f9-bbf5-3c66-abcb-2c6b0004a411
|t 0
|
| 952 |
f |
f |
|a Texas A&M University
|b College Station
|c Electronic Resources
|s www_evans
|d Available Online
|t 0
|h No information provided
|
| 998 |
f |
f |
|t 0
|l Available Online
|